[Event "GCCC May Action Quads.2"]
[Site "Flint, MI"]
[Date "2003.05.07"]
[Round "1.3"]
[White "Whatling, David"]
[Black "Thach, Scott"]
[Result "1-0"]
[WhiteElo "1336"]
[BlackElo "1381"]
[PlyCount "55"]
[EventDate "2003.05.07"]

1. e4 e6 2. d4 b6 3. Bc4 Bb7 4. d5 e5 5. Nf3 d6 6. O-O Nf6 7. Bg5 Be7 8. Nc3
O-O 9. h3 a6 10. a3 Nbd7 11. Nh2 b5 12. Ba2 h6 13. Be3 Qc8 14. f4 Qe8 15. Ng4
Rc8 16. f5 Nxg4 17. Qxg4 Nf6 18. Qe2 Kh7 19. g4 Ng8 20. Kh2 Qd8 21. Rg1 Bg5 22.
Raf1 Qe7 23. Nd1 g6 24. c4 c6 25. Qf2 cxd5 26. cxd5 Bh4 27. Qf3 Rc2+ 28. Kh1
1-0

[Event "GCCC May Action Quads.3"]
[Site "Flint, MI"]
[Date "2003.05.07"]
[Round "3.2"]
[White "St. Clair, Shawn"]
[Black "Wingett, Tony"]
[Result "0-1"]
[WhiteElo "971"]
[BlackElo "607"]
[PlyCount "79"]
[EventDate "2003.05.07"]

1. e4 e6 2. d4 d5 3. e5 c5 4. Nf3 Nc6 5. Bb5 Qb6 6. Ba4 Bd7 7. Nc3 cxd4 8. Bxc6
Bxc6 9. Nxd4 Bc5 10. Be3 Ne7 11. b3 Bb4 12. Nxc6 Qxc6 13. Bd2 Bxc3 14. Bxc3
Qxc3+ 15. Ke2 Qxe5+ 16. Kd2 Qd4+ 17. Ke2 Qxd1+ 18. Raxd1 O-O 19. c4 Rac8 20.
Rd3 b6 21. Rc1 dxc4 22. bxc4 h6 23. Rd7 Nf5 24. g4 Nh4 25. Rd3 g5 26. Rh3 Kg7
27. Ke3 Ng2+ 28. Kf3 Nf4 29. Rg3 Rcd8 30. c5 bxc5 31. Rxc5 Rd3+ 32. Ke4 Rxg3
33. fxg3 Nd5 34. Ra5 a6 35. h4 Kf6 36. hxg5+ hxg5 37. Kd4 Nb4 38. a4 Nc6+ 39.
Kc5 Nxa5 40. Kb6 0-1

[Event "GCCC May Action Quads.3"]
[Site "Flint, MI"]
[Date "2003.05.07"]
[Round "2.2"]
[White "Schmidt, Chris"]
[Black "Wingett, Tony"]
[Result "0-1"]
[WhiteElo "937"]
[BlackElo "607"]
[PlyCount "119"]
[EventDate "2003.05.07"]

1. Nf3 e6 2. g3 d5 3. Bg2 Nf6 4. O-O Bd6 5. d3 O-O 6. Bg5 h6 7. Bxf6 Qxf6 8.
Nc3 Nd7 9. Re1 Bb4 10. Qd2 d4 11. Nd5 Bxd2 12. Nxf6+ Nxf6 13. Nxd2 Rb8 14. Nb3
e5 15. Nc5 b6 16. Ne4 Nxe4 17. Bxe4 Bb7 18. Bxb7 Rxb7 19. e4 dxe3 20. Rxe3 f6
21. Re4 Rd8 22. Rd1 c5 23. b3 Rd4 24. Rxd4 cxd4 25. Kf1 Kf7 26. Ke2 Ke6 27. Kd2
a5 28. a4 b5 29. axb5 Rxb5 30. Ra1 g5 31. f3 h5 32. h3 h4 33. gxh4 gxh4 34. Rg1
f5 35. Rg6+ Kf7 36. Rh6 Rb8 37. Rxh4 Rg8 38. f4 Rg2+ 39. Kc1 Ke6 40. Rh6+ Kd5
41. fxe5 Kxe5 42. Ra6 Kf4 43. Rxa5 Rf2 44. b4 Ke3 45. Ra2 f4 46. b5 f3 47. b6
Rg2 48. Kb2 f2 49. Ra1 Rg8 50. c3 Rb8 51. cxd4 Rxb6+ 52. Kc3 Rf6 53. d5 f1=Q
54. Rxf1 Rxf1 55. Kc4 Rc1+ 56. Kb5 Kxd3 57. d6 Ke4 58. d7 Rd1 59. Kc6 Ke5 60.
Kc7 0-1

[Event "Universal May Action Swiss"]
[Site "Warren, MI"]
[Date "2003.05.10"]
[Round "2"]
[White "Ho, Randy"]
[Black "Finegold, Ben"]
[Result "0-1"]
[WhiteElo "1888"]
[BlackElo "2636"]
[PlyCount "86"]
[EventDate "2003.05.10"]

1. e4 c5 2. c3 e6 3. d4 d5 4. exd5 exd5 5. Bb5+ Nc6 6. Qe2+ Be7 7. Nf3 Nf6 8.
Be3 c4 9. Ne5 Bd7 10. Bxc6 bxc6 11. Nd2 O-O 12. O-O Re8 13. h3 Bd6 14. Ndf3 Ne4
15. Rae1 f6 16. Nxd7 Qxd7 17. Nd2 f5 18. Nxe4 Rxe4 19. f3 Re6 20. Qd2 Rae8 21.
Bf2 Kf7 22. Rxe6 Rxe6 23. Re1 Rxe1+ 24. Qxe1 Qd8 25. Qd2 Bc7 26. Qe3 Qd6 27.
Qe5 Qd7 28. Qe1 a5 29. Bg3 f4 30. Bh4 Bd6 31. Bf2 Qf5 32. Qd1 Ke6 33. Qe2+ Kd7
34. Kf1 Qb1+ 35. Be1 g6 36. a3 Be7 37. Qe5 Qxb2 38. Qxf4 Qxa3 39. Bg3 Qd6 40.
Qg4+ Qe6 41. Qf4 Bd6 42. Qg5 h6 43. Bh4 hxg5 0-1

[Event "Universal May Action Swiss"]
[Site "Warren, MI"]
[Date "2003.05.10"]
[Round "1"]
[White "Finegold, Ben"]
[Black "McNair, Shawn"]
[Result "1-0"]
[WhiteElo "2636"]
[BlackElo "1388"]
[PlyCount "51"]
[EventDate "2003.05.10"]

1. e4 e5 2. Bc4 Nf6 3. Nf3 Bc5 4. Nxe5 Bxf2+ 5. Kxf2 Nxe4+ 6. Kf1 d5 7. Qf3 Be6
8. d3 Ng5 9. Qg3 f6 10. Bxg5 dxc4 11. Bh4 Qd4 12. Nxc4 Bxc4 13. dxc4 Qxc4+ 14.
Ke1 Kf7 15. Qb3 Re8+ 16. Kd1 Re4 17. Qxc4+ Rxc4 18. Bf2 Nc6 19. Nd2 Rd8 20. Kc1
Rf4 21. Be3 Rf5 22. Nf3 Rfd5 23. b3 Ne7 24. Kb2 Nf5 25. Rae1 b6 26. Rhf1 1-0

[Event "Universal May Action Swiss"]
[Site "Warren, MI"]
[Date "2003.05.10"]
[Round "3"]
[White "Finegold, Ben"]
[Black "Brooks, John"]
[Result "1-0"]
[WhiteElo "2636"]
[BlackElo "2135"]
[PlyCount "53"]
[EventDate "2003.05.10"]

1. d4 d5 2. c4 c6 3. Nf3 e6 4. Nc3 Nf6 5. Bg5 Be7 6. e3 Nbd7 7. Rc1 O-O 8. Bd3
dxc4 9. Bxc4 b5 10. Bd3 a6 11. Bxf6 Nxf6 12. a4 Qa5 13. O-O Rb8 14. Ne5 Bb7 15.
Ne4 bxa4 16. Nxf6+ Bxf6 17. Nd7 Rfd8 18. Rc5 Qb4 19. Qh5 Rxd7 20. Qxh7+ Kf8 21.
Qh8+ Ke7 22. Qxb8 Qxb2 23. Rb1 Qd2 24. Bf1 Bxd4 25. exd4 Qxd4 26. Rc4 Qd6 27.
Rxb7 1-0

[Event "Universal May Action Swiss"]
[Site "Warren, MI"]
[Date "2003.05.10"]
[Round "5"]
[White "Finegold, Ben"]
[Black "Baze, Lineas"]
[Result "1-0"]
[WhiteElo "2636"]
[BlackElo "2010"]
[PlyCount "79"]
[EventDate "2003.05.10"]

1. b3 Nf6 2. Bb2 e6 3. e3 d5 4. f4 c5 5. Nf3 Nc6 6. Bb5 Bd7 7. O-O a6 8. Bxc6
Bxc6 9. Ne5 Qc7 10. d3 Bd6 11. Nd2 h5 12. Qe1 O-O-O 13. Qg3 Rdg8 14. Ndf3 Ng4
15. Nxg4 hxg4 16. Qxg4 f5 17. Qg3 Qe7 18. Be5 Rh6 19. Bxd6 Qxd6 20. Ne5 Be8 21.
d4 Qe7 22. c4 Rgh8 23. cxd5 cxd4 24. Rac1+ Kb8 25. exd4 exd5 26. h3 Qb4 27. Qc3
Qb6 28. Qc5 Qd8 29. Rf3 Rh4 30. Rg3 g6 31. Nxg6 Bxg6 32. Rxg6 Rxf4 33. Rg7 Rh6
34. Rf7 Rd6 35. Rc7 Rc6 36. Rxb7+ Kxb7 37. Qxc6+ Ka7 38. Qc5+ Qb6 39. Qe7+ Kb8
40. Qe5+ 1-0

[Event "Universal May Action Swiss"]
[Site "Warren, MI"]
[Date "2003.05.10"]
[Round "4"]
[White "Davidovich, Manis"]
[Black "Finegold, Ben"]
[Result "0-1"]
[WhiteElo "2117"]
[BlackElo "2636"]
[PlyCount "50"]
[EventDate "2003.05.10"]

1. e4 e5 2. Nf3 Nc6 3. d4 exd4 4. c3 d5 5. exd5 Qxd5 6. cxd4 Nf6 7. Be2 Bb4+ 8.
Nc3 Ne4 9. O-O Bxc3 10. bxc3 Nxc3 11. Qc2 Nxe2+ 12. Qxe2+ Be6 13. Ba3 O-O-O 14.
Rfc1 Bg4 15. Rc5 Bxf3 16. gxf3 Nxd4 17. Qe7 Qd7 18. Qe4 Rhe8 19. Qb1 Nxf3+ 20.
Kg2 Re1 21. Qxe1 Nxe1+ 22. Rxe1 Qg4+ 23. Kf1 Qh3+ 24. Kg1 Qg4+ 25. Kf1 Qh3+ 0-1

[Event "Flint May Tuesday Night Swiss"]
[Site "Flint, MI"]
[Date "2003.05.13"]
[Round "2"]
[White "Laurin, Edward"]
[Black "Mandell, Edward"]
[Result "1-0"]
[WhiteElo "1832"]
[BlackElo "1243"]
[Annotator "Edward Laurin"]
[PlyCount "23"]
[EventDate "2003.05.06"]

1. e4 f6 2. d4 e5 3. dxe5 fxe5 {Black can resign after this move, White now
forcefully wins material.} 4. Qh5+ Ke7 (4... g6 {is the only alternative and
it drops the rook after} 5. Qxe5+) 5. Qxe5+ Kf7 6. Bc4+ d5 7. Bxd5+ Kg6 ({
Black has to play} 7... Qxd5 {to avoid the coming checkmates, but the loss of
a queen will cost the game. White now has a forced five move checkmate.}) 8.
Qg3+ Kh5 {All other moves fall to quicker checkmates.} 9. Bf7+ {This is the
quickest mate, but cool to note is the queen sacrifice checkmate of:} (9. Qf3+
Bg4 10. Qxg4+ Kxg4 11. h3+ Kh5 12. Bf7+ g6 13. g4+ Kh4 14. Nf3#) 9... g6 10.
Qe5+ Bf5 11. Qxf5+ Kh4 12. g3# {Mated by a pawn, shame shame.} 1-0

[Event "U.S. Amateur North"]
[Site "Detroit, MI"]
[Date "2003.05.17"]
[Round "3.4"]
[White "Zubatch, Steve"]
[Black "Gadson, Joseph"]
[Result "0-1"]
[WhiteElo "1821"]
[BlackElo "1793"]
[Annotator "Don Vandivier"]
[PlyCount "44"]
[EventDate "2003.05.17"]

{Sicilian: Pelikan} 1. e4 c5 2. Nf3 Nc6 3. d4 cxd4 4. Nxd4 Nf6 5. Nc3 e5 6. Nb3
Bb4 7. Bd3 d5 8. exd5 Nxd5 9. Bd2 Bxc3 10. bxc3 f5 11. Qh5+ g6 12. Qe2 Be6 13.
O-O O-O 14. Nc5 Bc8 15. Bc4 Kh8 16. Rfd1 f4 17. Be1 f3 {DIAGRAM Where should
White put his queen?} 18. Qe4 $2 (18. Qf1 $1 {maintains White's advantage in
all lines. For example:} fxg2 19. Qxg2 Rf5 20. Qxd5) 18... Qg5 19. g3 Nf4 20.
Bf1 Qh5 21. Nd7 $2 Bxd7 22. Rxd7 Qg4 {And White resigns because of the dual
threat, attacking the rook and a discovered check winning his queen.} 0-1

[Event "U.S. Amateur North U1600"]
[Site "Detroit, MI"]
[Date "2003.05.17"]
[Round "1.4"]
[White "Wilder, Derek"]
[Black "Ricks, Breon"]
[Result "1-0"]
[WhiteElo "1504"]
[BlackElo "1160"]
[PlyCount "61"]
[EventDate "2003.05.17"]

1. e4 b6 2. d4 d5 3. e5 e6 4. Nf3 c5 5. c3 Nc6 6. Bd3 c4 7. Bc2 Ba6 8. O-O g6
9. Bg5 Nge7 10. Bf6 Rg8 11. Ng5 h5 12. Nh7 Bh6 13. Bxe7 Qxe7 14. Nf6+ Kf8 15.
Nxg8 Kxg8 16. Nd2 b5 17. a3 Na5 18. Nf3 Rb8 19. Kh1 Qf8 20. Ng1 Rb7 21. f4 f5
22. exf6 Qxf6 23. Nh3 Rf7 24. Qe2 Bc8 25. Qe5 Qe7 26. Bxg6 Rg7 27. f5 Nc6 28.
f6 Nxe5 29. fxe7 Rxe7 30. dxe5 Bg7 31. Rae1 1-0

[Event "U.S. Amateur North U1600"]
[Site "Detroit, MI"]
[Date "2003.05.17"]
[Round "3.4"]
[White "Wilder, Derek"]
[Black "Beydoun, Mohammed"]
[Result "1-0"]
[WhiteElo "1504"]
[BlackElo "1316"]
[PlyCount "33"]
[EventDate "2003.05.17"]

1. e4 c5 2. Nf3 Nc6 3. d4 cxd4 4. Nxd4 d6 5. Nc3 a6 6. Be3 e6 7. f3 Bd7 8. Qd2
Nf6 9. g4 e5 10. Nf5 Bxf5 11. gxf5 Be7 12. Rg1 g6 13. Bc4 Qd7 14. fxg6 fxg6 15.
Bh6 Nd4 16. Qd3 Qh3 17. Bg7 {Remainder illegible, 22?} 1-0

[Event "U.S. Amateur North"]
[Site "Detroit, MI"]
[Date "2003.05.17"]
[Round "1.6"]
[White "Venkatasubba, Kris"]
[Black "Ho, Randy"]
[Result "0-1"]
[WhiteElo "1650"]
[BlackElo "1888"]
[PlyCount "122"]
[EventDate "2003.05.17"]

1. e4 c5 2. Nf3 d6 3. d4 cxd4 4. Nxd4 Nf6 5. Nc3 a6 6. Be2 e5 7. Nb3 Be7 8. O-O
O-O 9. Be3 Be6 10. f4 exf4 11. Bxf4 Nc6 12. Kh1 Rc8 13. Nd4 Qa5 14. Nxe6 fxe6
15. Qe1 Qb4 16. Bd3 b5 17. Rb1 Qa5 18. b4 Qb6 19. a4 bxa4 20. Nxa4 Qb7 21. c4
d5 22. exd5 exd5 23. c5 Nd4 24. Be5 Nb5 25. Qh4 h6 26. Bxf6 Bxf6 27. Qg4 Rc6
28. Nb6 Nc3 29. Qg6 Rxb6 30. Qh7+ Kf7 31. Qg6+ Ke7 32. cxb6 Nxb1 33. Rxb1 Qxb6
34. Qg4 Rb8 35. Qe2+ Kf8 36. Bxa6 Re8 37. Qf1 Kg8 38. Bd3 Qe3 39. b5 Qd2 40. b6
Bd8 41. b7 Bc7 42. Bf5 Bb8 43. Ra1 d4 44. Bd7 Rd8 45. Ra8 Qc2 46. Be6+ Kh8 47.
Ra1 Qc7 48. Qg1 Qxb7 49. Bg4 d3 50. Bf3 Qc7 51. g3 d2 52. Rd1 Qc3 53. Qg2 Bc7
54. h3 Ba5 55. Kh2 Rf8 56. Rf1 Qe3 57. Bd1 Re8 58. Bc2 Qe1 59. h4 Qe2 60. Qxe2
Rxe2+ 61. Kh3 Re1 {Remainder illegible, 62?} 0-1

[Event "U.S. Amateur North"]
[Site "Detroit, MI"]
[Date "2003.05.17"]
[Round "1.5"]
[White "Vandivier, Don"]
[Black "Sims, Chris"]
[Result "0-1"]
[WhiteElo "1892"]
[BlackElo "1706"]
[PlyCount "96"]
[EventDate "2003.05.17"]

1. e4 e5 2. Nf3 Nc6 3. Bc4 Bc5 4. O-O Nf6 5. d4 exd4 6. e5 d5 7. exf6 dxc4 8.
Re1+ Be6 9. Ng5 Qd5 10. Nc3 Qf5 11. g4 Qg6 12. Na4 Bd6 13. fxg7 Rg8 14. f4
O-O-O 15. f5 Bxf5 16. gxf5 Qxf5 17. Rf1 Qb5 18. b3 Rxg7 19. Kf2 Ne5 20. Nb2 d3
21. cxd3 c3 22. Nc4 Nxd3+ 23. Qxd3 Bc5+ 24. Ke2 Rxd3 25. Kxd3 Qd7+ 26. Ke4 h6
27. Nf3 f5+ 28. Ke5 Re7+ 29. Kf4 Re4+ 30. Kg3 f4+ 31. Bxf4 Qg7+ 32. Ng5 hxg5
33. Be5 Rxe5 34. Nxe5 Qxe5+ 35. Kg4 c2 36. Rae1 Qxe1 37. Rxe1 Ba3 38. Kxg5
c1=Q+ 39. Rxc1 Bxc1+ 40. Kg6 Kd7 41. h4 Ke6 42. h5 a5 43. h6 Bb2 44. Kh7 Kf7
45. b4 axb4 46. a4 b3 47. a5 Bd4 48. a6 b2 0-1

[Event "U.S. Amateur North"]
[Site "Detroit, MI"]
[Date "2003.05.17"]
[Round "2.5"]
[White "Vandivier, Don"]
[Black "Babka, Jay"]
[Result "0-1"]
[WhiteElo "1892"]
[BlackElo "1721"]
[PlyCount "38"]
[EventDate "2003.05.17"]

1. e4 c5 2. Nf3 Nc6 3. d4 cxd4 4. Nxd4 Nf6 5. Nc3 d6 6. Bc4 e6 7. Bb3 a6 8. O-O
Be7 9. Be3 O-O 10. f4 Nxd4 11. Bxd4 b5 12. Qe2 Bb7 13. a3 Qc7 14. Rad1 Rfd8 15.
Kh1 d5 16. exd5 Nxd5 17. f5 Nf4 18. Qg4 Rxd4 19. Rxf4 Rxf4 0-1

[Event "U.S. Amateur North"]
[Site "Detroit, MI"]
[Date "2003.05.17"]
[Round "2.6"]
[White "Sobh, Hassan"]
[Black "Grams, Paul"]
[Result "1-0"]
[WhiteElo "1829"]
[BlackElo "1700"]
[PlyCount "66"]
[EventDate "2003.05.17"]

1. f4 d5 2. Nf3 g6 3. e3 Bg7 4. d4 Nf6 5. c3 O-O 6. Be2 Nbd7 7. O-O c5 8. Ne5
cxd4 9. exd4 Ne4 10. Nd2 Ndf6 11. Bf3 Nd6 12. Re1 Qc7 13. Qe2 e6 14. g4 a5 15.
h4 b5 16. h5 gxh5 17. g5 Nd7 18. Bxh5 Nxe5 19. fxe5 Nf5 20. Nf3 Ng3 21. Qh2
Nxh5 22. Qxh5 Qc4 23. Kf2 Qd3 24. Be3 Qg6 25. Rh1 b4 26. Rh2 Ba6 27. Qg4 f5 28.
Qf4 Ra7 29. Rah1 Bh8 30. Rh6 Qe8 31. g6 Bg7 32. gxh7+ Kf7 33. Ng5+ Ke7 1-0

[Event "U.S. Amateur North"]
[Site "Detroit, MI"]
[Date "2003.05.17"]
[Round "2.3"]
[White "Sims, Chris"]
[Black "Kahn, Aaron"]
[Result "1/2-1/2"]
[WhiteElo "1706"]
[BlackElo "1934"]
[PlyCount "62"]
[EventDate "2003.05.17"]

1. e4 c5 2. Nc3 Nc6 3. f4 g6 4. Bb5 Bg7 5. Nf3 Nd4 6. O-O e6 7. e5 Ne7 8. Ba4
O-O 9. Nxd4 cxd4 10. Ne2 d6 11. exd6 Qxd6 12. d3 a6 13. Ng3 b5 14. Ne4 Qc6 15.
Bb3 Bb7 16. Qf3 Nd5 17. Bd2 Qb6 18. Rae1 Ne3 19. Bxe3 dxe3 20. Qe2 Bxb2 21. Kh1
Bxe4 22. dxe4 Bd4 23. f5 exf5 24. exf5 Kh8 25. Qf3 Bc5 26. Qh3 Rad8 27. Qh6 e2
28. Rf3 Be3 29. Qh4 Bd2 30. fxg6 fxg6 31. Rxe2 Qd6 1/2-1/2

[Event "U.S. Amateur North U1600"]
[Site "Detroit, MI"]
[Date "2003.05.17"]
[Round "1.6"]
[White "Saylor, Oliver"]
[Black "McShan, Kwame"]
[Result "1-0"]
[WhiteElo "1427"]
[BlackElo "996"]
[PlyCount "49"]
[EventDate "2003.05.17"]

1. e4 e6 2. d4 d5 3. Nd2 f5 4. exd5 exd5 5. Ngf3 Nf6 6. Ne5 Bd6 7. Bb5+ c6 8.
Bd3 O-O 9. O-O Ne4 10. c4 Nd7 11. cxd5 cxd5 12. Nxd7 Qxd7 13. Qb3 Qf7 14. Nf3
Kh8 15. Ne5 Qe6 16. Re1 Bxe5 17. dxe5 Qxe5 18. f3 Qf6 19. Qxd5 Be6 20. Qb5 Nd6
21. Qc5 Rfc8 22. Qf2 Bc4 23. Bxc4 Rxc4 24. Rb1 Rac8 25. b3 {Time} 1-0

[Event "U.S. Amateur North U1600"]
[Site "Detroit, MI"]
[Date "2003.05.17"]
[Round "3.2"]
[White "Saylor, Oliver"]
[Black "Mandell, Ed"]
[Result "0-1"]
[WhiteElo "1427"]
[BlackElo "1243"]
[PlyCount "138"]
[EventDate "2003.05.17"]

1. e4 e5 2. Nf3 d5 3. exd5 Bd6 4. Nc3 Nf6 5. Be2 O-O 6. d3 Re8 7. Bg5 Nbd7 8.
O-O h6 9. Bh4 Be7 10. Re1 b6 11. Qd2 Bb7 12. d4 e4 13. Ne5 Nxd5 14. Bxe7 Rxe7
15. Nxe4 Nxe5 16. dxe5 Rxe5 17. Bd3 Qe7 18. f3 Nb4 19. Bc4 Bxe4 20. Bxf7+ Kxf7
21. fxe4 Rd8 22. Rf1+ Kg8 23. Qc3 Qc5+ 24. Qxc5 Rxc5 25. c3 Nc6 26. Rae1 Rf8
27. Rf3 Ne5 28. Rfe3 Nc4 29. R3e2 Re5 30. b3 Nd6 31. c4 Rf4 32. c5 bxc5 33. Rc2
Rfxe4 34. Rxe4 Nxe4 35. Re2 Kf7 36. g4 Kf6 37. Re3 Re6 38. h4 g5 39. Rf3+ Ke7
40. hxg5 hxg5 41. Rf5 Kd6 42. Rf8 Kc6 43. Rf5 Kd6 44. Rf8 a6 45. Kg2 Rf6 46.
Rd8+ Kc6 47. Re8 Kd5 48. a4 Nd2 49. Rd8+ Rd6 50. Rg8 Ne4 51. Kf3 Rf6+ 52. Ke3
Re6 53. Kd3 Kc6 54. Kc4 Nd6+ 55. Kd3 Re5 56. Rg6 Kb7 57. Rg7 Rd5+ 58. Kc3 Ne4+
59. Kb2 Nf2 60. Re7 Nxg4 61. Re4 Nf2 62. Re2 Rf5 63. Re8 g4 64. Rg8 Rf3 65. a5
g3 66. Rg5 Nh3 67. Rxc5 g2 68. Rc1 Rf1 69. Rc3 g1=Q 0-1

[Event "U.S. Amateur North U1600"]
[Site "Detroit, MI"]
[Date "2003.05.17"]
[Round "2.10"]
[White "Ricks, Breon"]
[Black "Johnson, David"]
[Result "1-0"]
[WhiteElo "1160"]
[BlackElo "702"]
[PlyCount "83"]
[EventDate "2003.05.17"]

1. e4 c5 2. Bc4 d6 3. Nf3 Nf6 4. Ng5 d5 5. exd5 Nxd5 6. Qf3 f6 7. Bxd5 fxg5 8.
Bf7+ Kd7 9. Qd5+ Kc7 10. Qxc5+ Nc6 11. d3 e5 12. Qe3 Nd4 13. Qxe5+ Qd6 14. Qa5+
b6 15. Qc3+ Qc5 16. Qxc5+ bxc5 17. Na3 c4 18. O-O cxd3 19. cxd3 Bxa3 20. bxa3
Nc2 21. Rb1 Rb8 22. Rxb8 Kxb8 23. Bxg5 Nxa3 24. Bd5 Rf8 25. Be7 Rf6 26. Bxf6
gxf6 27. Rc1 Ba6 28. g4 Bxd3 29. Rc3 a5 30. Rxd3 Nb5 31. Rb3 Kc7 32. Rxb5 Kd6
33. Be4 f5 34. Rxf5 h5 35. gxh5 a4 36. h6 Ke6 37. h7 a3 38. h8=Q Kd6 39. Qh6+
Ke7 40. Rg5 Ke8 41. Rg7 Kf8 42. Qh8# 1-0

[Event "U.S. Amateur North U1600"]
[Site "Detroit, MI"]
[Date "2003.05.17"]
[Round "3.5"]
[White "Ricks, Breon"]
[Black "Collins, Michael"]
[Result "0-1"]
[WhiteElo "1160"]
[BlackElo "1416"]
[PlyCount "26"]
[EventDate "2003.05.17"]

1. e4 e5 2. Nf3 Nc6 3. Bc4 Bc5 4. d4 exd4 5. c3 dxc3 6. Bxf7+ Kf8 7. Bg5 cxb2
8. Bxd8 bxa1=Q 9. Ng5 Nxd8 10. Qb3 Qf6 11. h4 Qxf2+ 12. Kd1 Nxf7 13. Qc4 Qd4+
0-1

[Event "U.S. Amateur North U1600"]
[Site "Detroit, MI"]
[Date "2003.05.17"]
[Round "3.3"]
[White "Rayon, Shawn"]
[Black "Grzegorczyk, Ron"]
[Result "0-1"]
[WhiteElo "1534"]
[BlackElo "1590"]
[PlyCount "90"]
[EventDate "2003.05.17"]

1. c4 c5 2. d3 Nc6 3. Nf3 e5 4. Nc3 d6 5. g3 g6 6. Bg2 a6 7. a3 Bg7 8. Rb1 Nge7
9. Bd2 Rb8 10. O-O O-O 11. Qc2 Bf5 12. e3 b5 13. Nh4 Be6 14. cxb5 axb5 15. e4
Nd4 16. Qd1 Bb3 17. Qe1 Bc2 18. Ne2 Bxb1 19. Nxd4 Bxd3 20. Ne2 Nc6 21. Qd1 c4
22. Re1 b4 23. Qa4 Qb6 24. axb4 Ra8 25. Qd1 Nxb4 26. Bxb4 Qxb4 27. Nc3 Qxb2 28.
Nd5 Ra2 29. Qf3 Ra1 30. Nf6+ Bxf6 31. Qxf6 Rxe1+ 32. Bf1 Bxf1 33. Ng2 Bxg2+ 34.
Kxg2 Qe2 35. h4 Qxe4+ 36. f3 Qc2+ 37. Kh3 Rh1+ 38. Kg4 Qf5+ 39. Qxf5 gxf5+ 40.
Kxf5 c3 41. f4 exf4 42. Kg5 c2 43. gxf4 c1=Q 44. Kh5 Qe1 45. f5 Qxh4# 0-1

[Event "U.S. Amateur North U1600"]
[Site "Detroit, MI"]
[Date "2003.05.17"]
[Round "1.5"]
[White "Ramsey, Christopher"]
[Black "Holden, Anthony"]
[Result "1-0"]
[WhiteElo "1049"]
[BlackElo "1500"]
[PlyCount "55"]
[EventDate "2003.05.17"]

1. c4 f5 2. Nc3 Nf6 3. d3 e5 4. Bg5 Be7 5. Bxf6 Bxf6 6. e4 d6 7. Nf3 O-O 8. g3
f4 9. Bg2 Bg4 10. O-O Nc6 11. Qb3 Bxf3 12. Bxf3 Nd4 13. Qd1 fxg3 14. hxg3 Bg5
15. Bg2 c6 16. Ne2 Nf3+ 17. Bxf3 Rxf3 18. Nf4 Rxf4 19. gxf4 Bxf4 20. Qg4 Qb6
21. Kg2 Rf8 22. Rg1 Qd4 23. Kh1 Bh6 24. Qh3 Rf6 25. Qc8+ Rf8 26. Qe6+ Kh8 27.
Qe7 Qxf2 28. Raf1 {Remainder illegible, 30?} 1-0

[Event "U.S. Amateur North U1600"]
[Site "Detroit, MI"]
[Date "2003.05.17"]
[Round "3.1"]
[White "Ramsey, Chris"]
[Black "Durbin, Ricky"]
[Result "0-1"]
[WhiteElo "1049"]
[BlackElo "1579"]
[PlyCount "47"]
[EventDate "2003.05.17"]

1. c4 c5 2. Nc3 d6 3. e4 Nf6 4. d3 e6 5. Bg5 Be7 6. Nf3 b6 7. g3 Bb7 8. Bg2
Nbd7 9. a3 a6 10. O-O Qc7 11. b4 h6 12. Bxf6 Bxf6 13. Re1 Bxc3 14. Nd2 Bxa1 15.
Qxa1 O-O 16. Nf3 cxb4 17. axb4 b5 18. Rc1 Rfc8 19. Nd4 Ne5 20. Bf1 bxc4 21.
dxc4 Bxe4 22. Qb2 Bd3 23. Qb3 Bxf1 24. Kxf1 0-1

[Event "U.S. Amateur North U1600"]
[Site "Detroit, MI"]
[Date "2003.05.17"]
[Round "2.8"]
[White "McShan, Kwame"]
[Black "McNair, Shaun"]
[Result "0-1"]
[WhiteElo "996"]
[BlackElo "1388"]
[PlyCount "62"]
[EventDate "2003.05.17"]

1. d4 Nf6 2. Bg5 Ne4 3. Bf4 d5 4. e3 e6 5. Bd3 Nf6 6. Nf3 Nc6 7. Nbd2 Be7 8.
O-O Nb4 9. Be2 O-O 10. c3 Nc6 11. Bd3 Nh5 12. Bg3 Nxg3 13. fxg3 Bg5 14. Nxg5
Qxg5 15. e4 Qe3+ 16. Kh1 Qxd3 17. Rf3 Qb5 18. Qc2 Qe2 19. e5 Na5 20. Re1 Qxe1+
21. Nf1 Qe4 22. Qf2 Qb1 23. g4 Bd7 24. g5 Bb5 25. h4 Bxf1 26. Kh2 Bd3 27. h5
Bf5 28. h6 g6 29. g4 Qc2 30. Qxc2 Bxc2 31. Rf6 Nc4 0-1

[Event "U.S. Amateur North U1600"]
[Site "Detroit, MI"]
[Date "2003.05.17"]
[Round "3.6"]
[White "McNair, Shaun"]
[Black "Dixon, Decarlos"]
[Result "1-0"]
[WhiteElo "1388"]
[BlackElo "433"]
[PlyCount "37"]
[EventDate "2003.05.17"]

1. e4 e5 2. f4 Nc6 3. Nf3 d6 4. Bc4 Bg4 5. Bxf7+ Kxf7 6. Ng5+ Ke8 7. Qxg4 h6 8.
Qh5+ Kd7 9. Qg4+ Ke8 10. Qh5+ Kd7 11. O-O Nd4 12. fxe5 Nxc2 13. Qg4+ Ke8 14.
Rxf8+ Kxf8 15. Ne6+ Kf7 16. Nxd8+ Rxd8 17. e6+ Ke8 18. Qg6+ Kf8 19. Qf7# 1-0

[Event "U.S. Amateur North U1600"]
[Site "Detroit, MI"]
[Date "2003.05.17"]
[Round "2.2"]
[White "Mandell, Ed"]
[Black "Wilder, Derek"]
[Result "1-0"]
[WhiteElo "1243"]
[BlackElo "1504"]
[PlyCount "84"]
[EventDate "2003.05.17"]

1. d4 Nf6 2. e3 g6 3. b3 Bg7 4. Nf3 c5 5. c3 cxd4 6. cxd4 O-O 7. Bd3 d5 8. O-O
Nc6 9. a3 Bg4 10. h3 Bxf3 11. Qxf3 e5 12. Qd1 e4 13. Bb5 Rc8 14. f3 a6 15. Bxc6
Rxc6 16. fxe4 Nxe4 17. Bb2 Qg5 18. Rf4 Rf6 19. Qg4 Qxg4 20. hxg4 Rxf4 21. exf4
Rc8 22. Kh2 Rc2 23. Ra2 Bxd4 24. Bxd4 Rxa2 25. a4 Kf8 26. f5 gxf5 27. gxf5 Ke7
28. Kh3 Ng5+ 29. Kg3 Ne4+ 30. Kh3 Kd6 31. Nc3 Nxc3 32. Bxc3 Ra3 33. Bb4+ Kc6
34. Bxa3 b5 35. a5 d4 36. Kg3 Kd5 37. Kf3 h5 38. Bb4 d3 39. Bc3 f6 40. Ke3 b4
41. Bxf6 h4 42. Bxh4 d2 1-0

[Event "U.S. Amateur North"]
[Site "Detroit, MI"]
[Date "2003.05.17"]
[Round "2.4"]
[White "LaForge, Tom"]
[Black "Choyke, Jack"]
[Result "1/2-1/2"]
[WhiteElo "1907"]
[BlackElo "1619"]
[PlyCount "92"]
[EventDate "2003.05.17"]

1. e4 d6 2. d4 g6 3. c3 Bg7 4. Be3 Nf6 5. Bd3 O-O 6. h3 Nc6 7. Nd2 e5 8. d5 Ne7
9. Ne2 c6 10. c4 c5 11. g4 Ne8 12. Ng3 f5 13. gxf5 gxf5 14. exf5 Nxf5 15. Nxf5
Bxf5 16. Bxf5 Rxf5 17. Qg4 Qd7 18. Ne4 Rf7 19. Ke2 Rd8 20. Rhg1 Qxg4+ 21. Rxg4
Kh8 22. Ng5 Rf6 23. Ne6 Rd7 24. Rag1 Rff7 25. a3 Nf6 26. Rxg7 Rxg7 27. Nxg7
Rxg7 28. Rxg7 Kxg7 29. b4 b6 30. bxc5 bxc5 31. f4 Nd7 32. Kd3 Kf6 33. Ke4 a6
34. Bd2 exf4 35. Bxf4 Ke7 36. Kd3 Nb6 37. Bg5+ Kf7 38. Bd8 Nd7 39. Bh4 Ne5+ 40.
Kc3 Nf3 41. Bg3 Ng5 42. Kd3 Ke7 43. h4 Nf7 44. Bf4 Kf6 45. Ke4 h5 46. Bg3 Kg6
1/2-1/2